A millennium of weaving in Chiapas (Record no. 10207)

MARC details
000 -CABECERA
campo de control de longitud fija 00950nam a2200241 a 4500
001 - NÚMERO DE CONTROL
campo de control BRL_1396
005 - FECHA Y HORA DE LA ÚLTIMA TRANSACCIÓN
campo de control 20190320211201.0
008 - DATOS DE LONGITUD FIJA--INFORMACIÓN GENERAL
campo de control de longitud fija 100114s1991----mx-ao#####---#000-0#eng-#
041 ## - CÓDIGO DE LENGUA
Código de lengua del texto/banda sonora o título independiente eng
044 ## - CÓDIGO DEL PAÍS DE LA ENTIDAD EDITORA/PRODUCTORA
Código MARC del país mx
050 #4 - SIGNATURA TOPOGRÁFICA DE LA BIBLIOTECA DEL CONGRESO
Número de clasificación F1435.3.T48
Número de documento/Ítem .M67 1991
100 1# - ENTRADA PRINCIPAL--NOMBRE DE PERSONA
Nombre de persona Morris, Walter F.
9 (RLIN) 26768
245 10 - MENCIÓN DE TÍTULO
Título A millennium of weaving in Chiapas
Resto del título an introduction to the Pellizzi collection of Chiapas textiles
Mención de responsabilidad, etc. Walter F. Morris.
260 ## - PUBLICACIÓN, DISTRIBUCIÓN, ETC.
Lugar de publicación, distribución, etc. [Chiapas]
Nombre del editor, distribuidor, etc. Gobierno del Estado de Chiapas ; Consejo Estatal para el Fomento ala Investigación y Difusión de la cultura ; DIF-Chiapas ; Casa de Artesanías de Chiapas
Fecha de publicación, distribución, etc. 1991
300 ## - DESCRIPCIÓN FÍSICA
Extensión 56 p.
Otras características físicas il., fotografías
Dimensiones 23 cm.
500 ## - NOTA GENERAL
Nota general Au1636
600 14 - PUNTO DE ACCESO ADICIONAL DE MATERIA--NOMBRE DE PERSONA
Nombre de persona Pellizzi, Francesco
Fechas asociadas al nombre 1940-
Subdivisión de forma Colección etnológica
9 (RLIN) 26769
650 14 - PUNTO DE ACCESO ADICIONAL DE MATERIA--TÉRMINO DE MATERIA
Término de materia o nombre geográfico como elemento de entrada Mayas
Subdivisión de forma Esposiciones
Subdivisión general Telas
9 (RLIN) 26770
650 14 - PUNTO DE ACCESO ADICIONAL DE MATERIA--TÉRMINO DE MATERIA
Término de materia o nombre geográfico como elemento de entrada Mayas
Subdivisión de forma Esposiciones
Subdivisión general Textiles
9 (RLIN) 26771
650 14 - PUNTO DE ACCESO ADICIONAL DE MATERIA--TÉRMINO DE MATERIA
Término de materia o nombre geográfico como elemento de entrada Tejeduría
Subdivisión de forma Esposiciones
Subdivisión geográfica Chiapas
9 (RLIN) 26772
902 ## - CATALOGADOR
Iniciales GRL
942 ## - ELEMENTOS DE PUNTO DE ACCESO ADICIONAL (KOHA)
Fuente del sistema de clasificación o colocación Library of Congress Classification
Tipo de ítem Koha Libros
Holdings
Estado de retiro Estado de pérdida Estado dañado No para préstamo Localización permanente Ubicación/localización actual Fecha de adquisición Número de inventario Total de préstamos Signatura topográfica completa Código de barras Fecha visto por última vez Precio válido a partir de Tipo de ítem Koha
El ejemplar forma parte de la colección y puede ser consultado según las políticas vigentes.       Biblioteca Centro de Estudios Ruth D. Lechuga Biblioteca Centro de Estudios Ruth D. Lechuga 10/01/2014 Au1636   F1435.3.T48 .M67 1991 (Au1636) GRL01554 22/03/2019 22/03/2019 Libros